Fundamental of wild life management / (Record no. 141946)

MARC details
000 -LEADER
fixed length control field 00557nam a22001817a 4500
005 - DATE AND TIME OF LATEST TRANSACTION
control field 20170623141300.0
010 ## - LCCN (DPL NO)
LC control number ENG-118910
020 ## - INTERNATIONAL STANDARD BOOK NUMBER
International Standard Book Number 97881928057
Terms of availability 500.00
035 ## - SYSTEM CONTROL NUMBER
System control number EN-102442
037 ## - SOURCE OF ACQUISITION
Source of stock number/acquisition DBAD/PUB
082 ## - DEWEY DECIMAL CLASSIFICATION NUMBER
Classification number 363.7
100 ## - MAIN ENTRY--PERSONAL NAME
Personal name Suryavanshi, Yogesh
245 ## - TITLE STATEMENT
Title Fundamental of wild life management /
Statement of responsibility, etc by Yogesh Suryavanshi
260 ## - PUBLICATION, DISTRIBUTION, ETC. (IMPRINT)
Place of publication, distribution, etc Guwahati
Name of publisher, distributor, etc Vivek Books
Date of publication, distribution, etc 2015
270 ## - ADDRESS
Address Rajnikantha Goswami Path House No-21, Lalganesh, Guwahati-781034 (Assam)
300 ## - PHYSICAL DESCRIPTION
Extent 248p
Dimensions 23cm.(Hb)
942 ## - ADDED ENTRY ELEMENTS (KOHA)
Source of classification or shelving scheme Dewey Decimal Classification
Item type English Books
Classification part 363.7
Call number suffix SUR
Holdings
Withdrawn status Lost status Not for loan Collection code Home library Current library Date acquired Source of acquisition Cost, normal purchase price Full call number Barcode Copy number Cost, replacement price Koha item type
    Not For Loan Non-fiction D.B.Act.Division Bawana 23/06/2017 DBAD/PUB 500.00 363.7 SUR EN-102442 1 500.00 English Books

© Delhi Public Library
Hit Counter
free hit counter